Govt. of
Madhya Pradesh

Two Months in The Camp of Big Bear (Record no. 61523)

MARC details
000 -LEADER
fixed length control field 00369nam a22001457a 4500
003 - CONTROL NUMBER IDENTIFIER
control field MACL,
005 - DATE AND TIME OF LATEST TRANSACTION
control field 20191205164555.0
008 - FIXED-LENGTH DATA ELEMENTS--GENERAL INFORMATION
fixed length control field 191205b xxu||||| |||| 00| 0 eng d
040 ## - CATALOGING SOURCE
Transcribing agency MACL,
100 ## - MAIN ENTRY--PERSONAL NAME
Personal name Gowanlock, Theresa
9 (RLIN) 77462
245 ## - TITLE STATEMENT
Title Two Months in The Camp of Big Bear
260 ## - PUBLICATION, DISTRIBUTION, ETC. (IMPRINT)
Place of publication, distribution, etc. Delhi
Name of publisher, distributor, etc. Shilpy Pra
Date of publication, distribution, etc. 2019
650 ## - SUBJECT ADDED ENTRY--TOPICAL TERM
Topical term or geographic name as entry element Stories
9 (RLIN) 77463
942 ## - ADDED ENTRY ELEMENTS (KOHA)
Source of classification or shelving scheme
Koha item type Books
Holdings
Withdrawn status Lost status Source of classification or shelving scheme Damaged status Not for loan Home library Current library Date acquired Cost, normal purchase price Total Checkouts Full call number Barcode Date last seen Price effective from Koha item type
          MACL MACL 05/12/2019 395.00   823/GOW CRE037180 02/05/2024 05/12/2019 Books